| 000 | 00601nam a22001937a 4500 | ||
|---|---|---|---|
| 005 | 20240402104151.0 | ||
| 008 | 240402b |||||||| |||| 00| 0 eng d | ||
| 020 | _a9077073434 | ||
| 040 |
_aKMU _cKMU _dKMU |
||
| 050 | _aSB 117 Bur | ||
| 100 | _aBurg, Harry van den | ||
| 245 |
_aSmall-scale seed production : _bwith variety improvement of cereals and pulses / _cHarry van den Burg |
||
| 260 |
_aWageningen : _bAgromisa Foundation , _c2004. |
||
| 300 |
_a92 pages ; _billus. : _c21 cm. |
||
| 490 | _aAgrodok-series No. 37 | ||
| 650 | _aSeed technology | ||
| 650 | _aSeed farming | ||
| 942 |
_2lcc _cBK _n0 |
||
| 999 |
_c1115 _d1115 |
||